000 01486nam a2200373Ia 4500
001 dia_5979
003 CHAP
005 20251021161816.0
008 220117s1980 xx 000 0 und d
010 _a177144
020 _a978-607-400-434-2 (v.1) \ 978-607-400-435-9 (v.2) \ 978-607-400-513-4 (v.3) \ 978-607-400-514-1 (v.4) \ 978-607-400-548-6 (v.5)
040 _cCHAP
082 _a808.838762 A94 H55 1980
100 _aAuel, Jean M.
_9160315
245 _aLos hijos de la tierra /
_c Jean M. Auel ; traducción Leonor Tejada Conde-Pelayo
260 _aMéxico :
_b Océano,
_c1980
300 _a6 v.
440 _aOcéano exprés : Maeva
_9160316
500 _aTítulo original: Earth's children
503 _aC. \ D. (v.2)
505 _av.El clan del oso cavernario \ v.2. El valle de los caballos \ v.3. Los cazadores de mamuts \ v.4. Las llanuras del tránsito \ v.5. Los refugios de piedra \ v.6. La tierra de las cuevas pintadas
590 _aPS3551.U36 H55 1980
650 0 _aAmerican literature
_y20th century
_9153260
650 _aFiction
_9152751
650 _aHombre prehistórico
_xNovela
_9160317
650 0 _aLiteratura americana
_ySiglo XX
_9153261
650 _aMan, Prehistoric
_xFiction
_9160318
650 _aNovela
_982011
700 _aTejeda Conde-Pelayo, Leonor, tr.
_9160319
901 _a808.838762 A94 H55 1980
902 _aM
905 _a5222271980 mx b 9222223332spa16
942 _cLIBRO
_2ddc
999 _c177144
_d177144